Biblioteca Práctica de Consulta del Nuevo Milenio Biología (Registro nro. 2042)

Detalles MARC
000 -LEADER
fixed length control field 01397nam a22002057a 4500
003 - CONTROL NUMBER IDENTIFIER
control field OSt
005 - DATE AND TIME OF LATEST TRANSACTION
control field 20260406093138.0
008 - FIXED-LENGTH DATA ELEMENTS--GENERAL INFORMATION
fixed length control field 260406b |||||||| |||| 00| 0 esp d
082 ## - DEWEY DECIMAL CLASSIFICATION NUMBER
Edition number 9586771210
100 ## - MAIN ENTRY--PERSONAL NAME
Personal name Zamora Editores
245 ## - TITLE STATEMENT
Title Biblioteca Práctica de Consulta del Nuevo Milenio Biología
250 ## - EDITION STATEMENT
Edition statement Volumen 7
260 ## - PUBLICATION, DISTRIBUTION, ETC.
Place of publication, distribution, etc. Bogotá, Colombia.
Name of publisher, distributor, etc. Zamora Editores Ltda..
Date of publication, distribution, etc. 2000 - 2001
300 ## - PHYSICAL DESCRIPTION
Extent 252 páginas
Dimensions 21 x 14 cm.
490 ## - SERIES STATEMENT
Materials specified Tapa de cartulina rústica con plastificado brillante.
520 ## - SUMMARY, ETC.
Summary, etc. Este volumen es un compendio visual y educativo sobre las ciencias biológicas, estructurado para cubrir los temas esenciales del programa escolar:<br/>La Célula: Estudio detallado de la estructura celular, organelos, funciones vitales y procesos de división (mitosis y meiosis).<br/>Genética: Introducción a las leyes de Mendel, el ADN, la herencia y la biotecnología.<br/>Reinos de la Naturaleza: Clasificación de los seres vivos, desde microorganismos hasta plantas y animales complejos.<br/>Anatomía y Fisiología Humana: Sistemas del cuerpo (digestivo, circulatorio, nervioso, etc.) y su funcionamiento.<br/>Ecología: Conceptos sobre ecosistemas, cadenas alimenticias y preservación del medio ambiente.
650 ## - SUBJECT ADDED ENTRY--TOPICAL TERM
Topical term or geographic name entry element Biología.
General subdivision Estudio y enseñanza / Manuales / Problemas, ejercicios, etc.
Chronological subdivision Siglo XXI.
Geographic subdivision Colombia
700 ## - ADDED ENTRY--PERSONAL NAME
Personal name Zamora Editores
942 ## - ADDED ENTRY ELEMENTS (KOHA)
Source of classification or shelving scheme Dewey Decimal Classification
Koha item type Acceso Libre
Suppress in OPAC No
Existencias
Withdrawn status Lost status Source of classification or shelving scheme Damaged status Not for loan Collection Home library Current library Shelving location Date acquired Source of acquisition Coded location qualifier Inventory number Total checkouts Full call number Barcode Date last seen Copy number Price effective from Koha item type
    Dewey Decimal Classification     Estantería F Fila 2 Biblioteca Stanford Biblioteca Stanford Biblioteca Abierta 06.04.2026 LECTURA 0466 0466   0466 BIBLIO0466 06.04.2026 1 06.04.2026 Acceso Libre
Bienvenido a nuestra Biblioteca